LDR 00700naa#a2200205#i#450# 001 EN\\bibl\118747 005 20260419122048.7 011 ## _a1994-4683 100 ## _a20230428b2023####ek#y0engy0150####ca 102 ## _aRU 200 1# _aDEVELOPMENT OF HIGH-SPEED QUALITIES AMONG THE CHILDREN AND ADULTS INVOLVED IN THE VOLLEYBALL SECTION _eJournal article 210 1# _aMoscow _cNational State University of Physical Education, Sports and Health named after P.F. Lesgaft _d2023 215 ## _a3 с. 608 ## _aJournal article _2local 675 ## _aВолейбол. 796.325 _z 700 #1 _aSedov _gI A 700 #1 _aKrasilnikova _gYU S 700 #1 _aAntonova _gV V 700 #1 _aSHal _gO A 856 4# _auchzapiski.lesgaft.spb.ru _u